Optics / (Record no. 144772)

MARC details
000 -LEADER
fixed length control field 00816nam a22002297a 4500
005 - DATE AND TIME OF LATEST TRANSACTION
control field 20180319152010.0
010 ## - LCCN (DPL NO)
LC control number 1718EN-30
020 ## - INTERNATIONAL STANDARD BOOK NUMBER
International Standard Book Number 9789339220907
Terms of availability 650.00
020 ## - INTERNATIONAL STANDARD BOOK NUMBER
International Standard Book Number 9339220900
Terms of availability 650.00
035 ## - SYSTEM CONTROL NUMBER
System control number B-683588-591
037 ## - SOURCE OF ACQUISITION
Source of stock number/acquisition BSB
Stock number dpl
082 ## - DEWEY DECIMAL CLASSIFICATION NUMBER
Classification number 535
100 ## - MAIN ENTRY--PERSONAL NAME
Personal name Ghatak, Ajoy
245 ## - TITLE STATEMENT
Title Optics /
Statement of responsibility, etc by Ajoy Ghatak
250 ## - EDITION STATEMENT
Edition statement 6th ed
260 ## - PUBLICATION, DISTRIBUTION, ETC. (IMPRINT)
Place of publication, distribution, etc Chennai
Name of publisher, distributor, etc McGraw Hill Education
Date of publication, distribution, etc 2017
270 ## - ADDRESS
Address 444/1, Sri Ekambara Naicker Industrial Estate, Alapakkam, Porur,
City Chennai
Postal code 600116
300 ## - PHYSICAL DESCRIPTION
Extent various pagings
Dimensions 28cm(pbk)
500 ## - GENERAL NOTE
General note Includes index
942 ## - ADDED ENTRY ELEMENTS (KOHA)
Source of classification or shelving scheme Dewey Decimal Classification
Item type English Books
Call number suffix GHA
Classification part 535
Holdings
Withdrawn status Lost status Not for loan Collection code Home library Current library Date acquired Source of acquisition Cost, normal purchase price Full call number Barcode Copy number Cost, replacement price Koha item type
      Non-fiction Ashok Vihar Ashok Vihar 19/03/2018 BSB/292/30.11.2017/EN/2017-18/641/20.11.2017/14.12.2017 650.00 535 GHA B-683589 1 650.00 English Books
      Non-fiction Central Library Central Library 19/03/2018 BSB/292/30.11.2017/EN/2017-18/641/20.11.2017/14.12.2017 650.00 535 GHA B-683588 1 650.00 English Books
      Non-fiction Patel Nagar Patel Nagar 19/03/2018 BSB/292/30.11.2017/EN/2017-18/641/20.11.2017/14.12.2017 650.00 535 GHA B-683590 1 650.00 English Books
      Non-fiction Sarojini Nagar Sarojini Nagar 19/03/2018 BSB/292/30.11.2017/EN/2017-18/641/20.11.2017/14.12.2017 650.00 535 GHA B-683591 1 650.00 English Books

© Delhi Public Library
Hit Counter
free hit counter